000 005880000a22001810004500
003 MACL
005 20160402113442.0
008 160402b xxu||||| |||| 00| 0 eng d
040 _aMACL
_cMACL
041 _aHindi
082 _a398
100 _aरणपतिया अमरंसिंह
_938876
245 _aगुज्‍जर
_bजनजातीय लोकसंस्‍कृति
260 _bबाल पुस्‍तक संस्‍थान
_c2001
_aनई दिल्‍ली
350 _a100
650 _aFolklore
_949896
942 _cHIN
_k398
_2ddc
999 _c10434
_d10434